000 00476 a2200109 4500
001 ART_63472
005 20260410161612.0
008 260409a
245 1 0 _aAlgunas diferencias y similitudes entre la norma unificada argentina de contabilidad (NUA) y las normas internaciones de información financiera (NIIF). Contratos de arrendamiento
100 1 _aZgaib, Alfredo O.
773 0 _tProfesional & Empresaria
_g- Año XXVI, Nº 305 (sep./oct. 2025)
_wREV70
999 _c10718
_d10718